| 000 | 00725cam a2200241 a 4500 | ||
|---|---|---|---|
| 001 | 000000890 | ||
| 005 | 20200929145432.0 | ||
| 008 | 941104s1966 gw 000 0 ger d | ||
| 040 |
_aDO-SdBNP _bspa _cBNPHU |
||
| 041 | 1 | 7 |
_ager _hspa |
| 082 |
_aCh863 _bD784e |
||
| 100 | 1 |
_aDroguett, Carlos, _d1912-1996 _93162 |
|
| 240 | 1 | 0 |
_aEloy. _lAlemán |
| 245 | 1 | 0 |
_aEloy : _bRoman / _cCarlos Droguett. |
| 246 | 1 | 0 | _aRoman |
| 260 |
_aFrankfurt am Main : _bSuhrkamp Verlagl, _c1966. |
||
| 300 |
_a149 p. ; _c23 cm. |
||
| 490 | 0 |
_aBibliothek Suhrkamp ; _vno. 172 |
|
| 534 |
_pTítulo original en español: _tEloy |
||
| 650 | 4 |
_aNovela chilena _93163 |
|
| 650 | 4 |
_aLiteratura chilena _93164 |
|
| 830 | 0 |
_aBibliothek Suhrkamp ; _nno. 172 _93165 |
|
| 999 |
_c884 _d884 |
||